[Event "ODJM C 2024"]
[Site "Willingen GER"]
[Date "2024.05.20"]
[Round "3"]
[White "Frydel, Helena"]
[Black "Kraus, Joshua"]
[Result "0-1"]
[Termination "normal"]
[Board "19"]
[WhiteElo "1485"]
[BlackElo "1111"]
[WhiteClock "00:56:20"]
[BlackClock "00:18:18"]
[PlyCount "100"]
[WhiteFideId "16266536"]
[BlackFideId "34660500"]
[EventCountry "GER"]
[EventRounds "9"]
[EventType "swiss"]
[EventDate "2024.05.18"]

1. d4 {[%clk 01:30:57]} {[%emt 00:00:03]} d5 {[%clk 01:30:55]} {[%emt
00:00:05]} 2. c4 {[%clk 01:31:22]} {[%emt 00:00:05]} dxc4 {[%clk 01:31:21]}
{[%emt 00:00:04]} 3. e4 {[%clk 01:31:48]} {[%emt 00:00:05]} Nf6 {[%clk
01:31:46]} {[%emt 00:00:05]} 4. e5 {[%clk 01:32:13]} {[%emt 00:00:05]} Nd5
{[%clk 01:32:10]} {[%emt 00:00:05]} 5. Bxc4 {[%clk 01:32:37]} {[%emt 00:00:06]}
Nb6 {[%clk 01:32:31]} {[%emt 00:00:09]} 6. Bb3 {[%clk 01:32:29]} {[%emt
00:00:38]} Nc6 {[%clk 01:32:53]} {[%emt 00:00:08]} 7. Nf3 {[%clk 01:32:39]}
{[%emt 00:00:20]} Bg4 {[%clk 01:33:13]} {[%emt 00:00:09]} 8. Nc3 {[%clk
01:28:29]} {[%emt 00:04:38]} e6 {[%clk 01:32:40]} {[%emt 00:01:06]} 9. Be3
{[%clk 01:28:23]} {[%emt 00:00:34]} Bb4 {[%clk 01:30:40]} {[%emt 00:02:32]} 10.
a3 {[%clk 01:28:34]} {[%emt 00:00:19]} Bxc3+ {[%clk 01:25:57]} {[%emt
00:05:12]} 11. bxc3 {[%clk 01:28:33]} {[%emt 00:00:32]} Nd5 {[%clk 01:25:33]}
{[%emt 00:00:54]} 12. Bd2 {[%clk 01:27:42]} {[%emt 00:01:17]} O-O {[%clk
01:19:32]} {[%emt 00:06:35]} 13. O-O {[%clk 01:27:52]} {[%emt 00:00:20]} f6
{[%clk 01:18:28]} {[%emt 00:01:35]} 14. h3 {[%clk 01:27:52]} {[%emt 00:00:27]}
Bxf3 {[%clk 01:18:21]} {[%emt 00:00:39]} 15. Qxf3 {[%clk 01:27:28]} {[%emt
00:00:54]} fxe5 {[%clk 01:18:39]} {[%emt 00:00:13]} 16. Qe4 {[%clk 01:27:08]}
{[%emt 00:00:36]} Qd6 {[%clk 01:13:18]} {[%emt 00:06:04]} 17. Rfe1 {[%clk
01:23:01]} {[%emt 00:04:34]} exd4 {[%clk 01:07:30]} {[%emt 00:06:22]} 18. cxd4
{[%clk 01:23:00]} {[%emt 00:00:27]} Rf6 {[%clk 01:07:21]} {[%emt 00:00:42]} 19.
Bg5 {[%clk 01:18:47]} {[%emt 00:04:43]} Rg6 {[%clk 01:06:23]} {[%emt 00:01:29]}
20. Bh4 {[%clk 01:18:31]} {[%emt 00:00:33]} Rf8 {[%clk 01:02:08]} {[%emt
00:04:58]} 21. Bg3 {[%clk 01:18:25]} {[%emt 00:00:33]} Qd7 {[%clk 00:53:06]}
{[%emt 00:09:35]} 22. Rac1 {[%clk 01:15:47]} {[%emt 00:03:01]} Qf7 {[%clk
00:44:31]} {[%emt 00:09:12]} 23. Rc5 {[%clk 01:13:53]} {[%emt 00:02:24]} Nce7
{[%clk 00:35:45]} {[%emt 00:09:15]} 24. Re2 {[%clk 01:07:42]} {[%emt 00:06:41]}
c6 {[%clk 00:32:43]} {[%emt 00:03:31]} 25. Bd6 {[%clk 01:07:02]} {[%emt
00:01:09]} Rf6 {[%clk 00:26:39]} {[%emt 00:06:37]} 26. Bxe7 {[%clk 01:06:30]}
{[%emt 00:01:02]} Qxe7 {[%clk 00:26:41]} {[%emt 00:00:27]} 27. Bxd5 {[%clk
01:06:48]} {[%emt 00:00:13]} cxd5 {[%clk 00:26:40]} {[%emt 00:00:31]} 28. Rxd5
{[%clk 01:06:56]} {[%emt 00:00:21]} Qxa3 {[%clk 00:26:33]} {[%emt 00:00:38]}
29. Re5 {[%clk 01:06:13]} {[%emt 00:01:09]} Rf4 {[%clk 00:25:04]} {[%emt
00:02:02]} 30. Qxb7 {[%clk 01:05:28]} {[%emt 00:01:15]} Qa1+ {[%clk 00:25:21]}
{[%emt 00:00:13]} 31. Re1 {[%clk 01:03:58]} {[%emt 00:02:00]} Qxd4 {[%clk
00:24:42]} {[%emt 00:01:09]} 32. Rxe6 {[%clk 01:00:58]} {[%emt 00:03:30]} Qxf2+
{[%clk 00:24:59]} {[%emt 00:00:12]} 33. Kh1 {[%clk 01:01:02]} {[%emt 00:00:14]}
a5 {[%clk 00:25:11]} {[%emt 00:00:31]} 34. Qd5 {[%clk 01:00:29]} {[%emt
00:01:02]} R4f5 {[%clk 00:21:16]} {[%emt 00:04:25]} 35. R6e5+ {[%clk 01:00:52]}
{[%emt 00:00:07]} R5f7 {[%clk 00:19:50]} {[%emt 00:01:57]} 36. Re8 {[%clk
01:00:54]} {[%emt 00:00:28]} Kh8 {[%clk 00:18:48]} {[%emt 00:01:32]} 37. Qd8
{[%clk 00:59:57]} {[%emt 00:01:26]} Qxe1+ {[%clk 00:18:26]} {[%emt 00:00:53]}
38. Rxe1 {[%clk 00:58:51]} {[%emt 00:01:35]} Rxd8 {[%clk 00:18:49]} {[%emt
00:00:07]} 39. Re5 {[%clk 00:59:02]} {[%emt 00:00:17]} Ra7 {[%clk 00:18:42]}
{[%emt 00:00:38]} 40. g4 {[%clk 00:54:08]} {[%emt 00:05:25]} h6 {[%clk
00:18:34]} {[%emt 00:00:38]} 41. h4 {[%clk 00:54:32]} {[%emt 00:00:05]} a4
{[%clk 00:18:06]} {[%emt 00:00:58]} 42. Rh5 {[%clk 00:54:43]} {[%emt 00:00:19]}
Kg8 {[%clk 00:17:42]} {[%emt 00:00:54]} 43. g5 {[%clk 00:55:00]} {[%emt
00:00:14]} Rd5 {[%clk 00:17:34]} {[%emt 00:00:38]} 44. Kg2 {[%clk 00:55:17]}
{[%emt 00:00:13]} a3 {[%clk 00:17:47]} {[%emt 00:00:18]} 45. Kf3 {[%clk
00:55:12]} {[%emt 00:00:35]} Ra4 {[%clk 00:17:52]} {[%emt 00:00:26]} 46. Ke3
{[%clk 00:55:27]} {[%emt 00:00:13]} a2 {[%clk 00:18:12]} {[%emt 00:00:12]} 47.
Kf3 {[%clk 00:55:33]} {[%emt 00:00:24]} a1=Q {[%clk 00:18:18]} {[%emt
00:00:18]} 48. g6 {[%clk 00:55:53]} {[%emt 00:00:15]} Qc3+ {[%clk 00:18:05]}
{[%emt 00:00:43]} 49. Ke2 {[%clk 00:55:56]} {[%emt 00:00:26]} Ra2+ {[%clk
00:18:28]} {[%emt 00:00:08]} 50. Ke1 {[%clk 00:56:20]} {[%emt 00:00:06]} Qa1#
{[%clk 00:18:18]} {[%emt 00:00:10]} 0-1

[Event "ODJM C 2024"]
[Site "Willingen GER"]
[Date "2024.05.20"]
[Round "3"]
[White "Margaryan, Mari"]
[Black "Knaudt, Anna"]
[Result "1/2-1/2"]
[Termination "normal"]
[Board "20"]
[WhiteElo "1070"]
[BlackElo "1330"]
[WhiteClock "00:27:25"]
[BlackClock "00:02:38"]
[PlyCount "84"]
[WhiteFideId "16279700"]
[BlackFideId "533001910"]
[EventCountry "GER"]
[EventRounds "9"]
[EventType "swiss"]
[EventDate "2024.05.18"]

1. d4 {[%clk 01:30:59]} d5 {[%clk 01:30:55]} {[%emt 00:00:06]} 2. c4 {[%clk
01:31:21]} {[%emt 00:00:08]} e6 {[%clk 01:31:20]} {[%emt 00:00:05]} 3. Nc3
{[%clk 01:31:44]} {[%emt 00:00:07]} Nf6 {[%clk 01:31:39]} {[%emt 00:00:11]} 4.
Bg5 {[%clk 01:32:07]} {[%emt 00:00:06]} Be7 {[%clk 01:31:56]} {[%emt 00:00:13]}
5. e3 {[%clk 01:32:28]} {[%emt 00:00:09]} O-O {[%clk 01:31:31]} {[%emt
00:00:56]} 6. Nf3 {[%clk 01:32:44]} {[%emt 00:00:14]} h6 {[%clk 01:31:50]}
{[%emt 00:00:11]} 7. Bh4 {[%clk 01:33:08]} {[%emt 00:00:06]} Nbd7 {[%clk
01:31:47]} {[%emt 00:00:33]} 8. cxd5 {[%clk 01:33:24]} {[%emt 00:00:13]} exd5
{[%clk 01:31:30]} {[%emt 00:00:48]} 9. Bd3 {[%clk 01:33:23]} {[%emt 00:00:31]}
Re8 {[%clk 01:31:09]} {[%emt 00:00:51]} 10. Rc1 {[%clk 01:32:41]} {[%emt
00:01:11]} c6 {[%clk 01:25:52]} {[%emt 00:05:47]} 11. O-O {[%clk 01:31:56]}
{[%emt 00:01:14]} Nf8 {[%clk 01:15:17]} {[%emt 00:11:06]} 12. Ne5 {[%clk
01:31:10]} {[%emt 00:01:16]} N6d7 {[%clk 00:59:27]} {[%emt 00:16:20]} 13. Bxe7
{[%clk 01:30:46]} {[%emt 00:00:54]} Rxe7 {[%clk 00:59:42]} {[%emt 00:00:15]}
14. f4 {[%clk 01:30:33]} {[%emt 00:00:42]} f6 {[%clk 00:50:30]} {[%emt
00:09:42]} 15. Nxd7 {[%clk 01:30:15]} {[%emt 00:00:48]} Bxd7 {[%clk 00:50:46]}
{[%emt 00:00:14]} 16. Qd2 {[%clk 01:28:28]} {[%emt 00:02:16]} f5 {[%clk
00:48:26]} {[%emt 00:02:51]} 17. Rf3 {[%clk 01:25:59]} {[%emt 00:02:59]} Nh7
{[%clk 00:40:37]} {[%emt 00:08:20]} 18. Qc2 {[%clk 01:20:10]} {[%emt 00:06:18]}
Qf8 {[%clk 00:39:01]} {[%emt 00:02:06]} 19. g4 {[%clk 01:19:12]} {[%emt
00:01:28]} Rae8 {[%clk 00:27:37]} {[%emt 00:11:54]} 20. Re1 {[%clk 01:16:51]}
{[%emt 00:02:51]} Rf7 {[%clk 00:27:55]} {[%emt 00:00:13]} 21. Ne2 {[%clk
01:15:45]} {[%emt 00:01:35]} Nf6 {[%clk 00:26:45]} {[%emt 00:01:40]} 22. gxf5
{[%clk 01:14:40]} {[%emt 00:01:35]} Ne4 {[%clk 00:26:41]} {[%emt 00:00:34]} 23.
Ng3 {[%clk 01:13:32]} {[%emt 00:01:38]} Bxf5 {[%clk 00:21:13]} {[%emt
00:05:58]} 24. Nxf5 {[%clk 01:11:04]} {[%emt 00:02:58]} Rxf5 {[%clk 00:21:34]}
{[%emt 00:00:10]} 25. Rh3 {[%clk 01:09:59]} {[%emt 00:01:32]} Qf7 {[%clk
00:20:31]} {[%emt 00:01:37]} 26. b4 {[%clk 01:01:02]} {[%emt 00:09:27]} Qg6+
{[%clk 00:19:27]} {[%emt 00:01:34]} 27. Qg2 {[%clk 00:58:47]} {[%emt 00:02:44]}
Re6 {[%clk 00:15:23]} {[%emt 00:04:35]} 28. Bxe4 {[%clk 00:55:08]} {[%emt
00:04:09]} dxe4 {[%clk 00:15:41]} {[%emt 00:00:12]} 29. Rg3 {[%clk 00:54:58]}
{[%emt 00:00:38]} Kf7 {[%emt 00:03:19]} 30. Kf2 {[%clk 00:51:25]} {[%emt
00:04:02]} Qf6 {[%clk 00:12:05]} {[%emt 00:01:20]} 31. Rg1 {[%clk 00:50:26]}
{[%emt 00:01:29]} g5 {[%clk 00:05:20]} {[%emt 00:07:16]} 32. Ke2 {[%clk
00:45:14]} {[%emt 00:05:41]} Qe7 {[%clk 00:05:32]} {[%emt 00:00:18]} 33. a3
{[%clk 00:44:30]} {[%emt 00:01:14]} a5 {[%clk 00:04:50]} {[%emt 00:01:13]} 34.
Qh3 {[%clk 00:35:55]} {[%emt 00:09:02]} Ref6 {[%clk 00:03:21]} {[%emt
00:02:01]} 35. fxg5 {[%clk 00:32:46]} {[%emt 00:03:38]} Qe6 {[%clk 00:01:15]}
{[%emt 00:02:37]} 36. gxf6 {[%clk 00:28:23]} {[%emt 00:04:53]} Qa2+ {[%clk
00:01:27]} {[%emt 00:00:18]} 37. Ke1 {[%clk 00:28:02]} {[%emt 00:00:51]} Qb1+
{[%clk 00:01:46]} {[%emt 00:00:11]} 38. Ke2 {[%clk 00:27:08]} {[%emt 00:01:23]}
Qc2+ {[%clk 00:01:45]} {[%emt 00:00:31]} 39. Ke1 {[%clk 00:26:33]} {[%emt
00:01:05]} Qc1+ {[%clk 00:02:08]} {[%emt 00:00:07]} 40. Ke2 {[%clk 00:26:52]}
{[%emt 00:00:11]} Qc2+ {[%clk 00:02:11]} {[%emt 00:00:27]} 41. Ke1 {[%clk
00:27:08]} {[%emt 00:00:13]} Qc1+ {[%clk 00:02:16]} {[%emt 00:00:25]} 42. Ke2
{[%clk 00:27:25]} {[%emt 00:00:13]} Qc2+ {[%clk 00:02:38]} {[%emt 00:00:07]}
1/2-1/2

[Event "ODJM C 2024"]
[Site "Willingen GER"]
[Date "2024.05.20"]
[Round "3"]
[White "Rafikov, Artur"]
[Black "Lange, Lene Marie"]
[Result "1-0"]
[Termination "normal"]
[Board "21"]
[WhiteElo "1021"]
[BlackElo "1497"]
[WhiteClock "01:14:03"]
[BlackClock "00:00:39"]
[PlyCount "79"]
[WhiteFideId "34642676"]
[BlackFideId "34639748"]
[EventCountry "GER"]
[EventRounds "9"]
[EventType "swiss"]
[EventDate "2024.05.18"]

1. e4 {[%clk 01:30:59]} e5 {[%clk 01:30:54]} {[%emt 00:00:06]} 2. Nf3 {[%clk
01:31:24]} {[%emt 00:00:05]} Nf6 {[%clk 01:31:14]} {[%emt 00:00:11]} 3. Nc3
{[%clk 01:31:26]} {[%emt 00:00:28]} Bb4 {[%clk 01:31:24]} {[%emt 00:00:19]} 4.
Bc4 {[%clk 01:31:11]} {[%emt 00:00:44]} Bxc3 {[%clk 01:30:40]} {[%emt
00:01:16]} 5. dxc3 {[%clk 01:31:20]} {[%emt 00:00:21]} O-O {[%clk 01:30:15]}
{[%emt 00:00:55]} 6. Qe2 {[%clk 01:30:09]} {[%emt 00:01:39]} Nc6 {[%emt
00:01:13]} 7. Bg5 {[%clk 01:29:42]} {[%emt 00:00:55]} h6 {[%clk 01:28:57]}
{[%emt 00:01:07]} 8. Bh4 {[%clk 01:30:05]} {[%emt 00:00:07]} d6 {[%clk
01:28:46]} {[%emt 00:00:42]} 9. h3 {[%clk 01:30:15]} {[%emt 00:00:20]} Re8
{[%clk 01:27:00]} {[%emt 00:02:15]} 10. O-O {[%clk 01:30:13]} {[%emt 00:00:33]}
Be6 {[%clk 01:26:26]} {[%emt 00:01:04]} 11. Bb3 {[%clk 01:30:17]} {[%emt
00:00:26]} a6 {[%clk 01:16:03]} {[%emt 00:10:53]} 12. Qe3 {[%clk 01:29:52]}
{[%emt 00:00:49]} Na5 {[%clk 01:10:38]} {[%emt 00:06:02]} 13. Bxe6 {[%clk
01:28:36]} {[%emt 00:01:43]} fxe6 {[%clk 01:09:03]} {[%emt 00:02:06]} 14. b3
{[%emt 00:02:22]} Rf8 {[%clk 01:05:30]} {[%emt 00:02:03]} 15. c4 {[%clk
01:28:54]} {[%emt 00:00:21]} Qd7 {[%emt 00:01:27]} 16. Rad1 {[%emt 00:02:17]}
b5 {[%clk 01:03:11]} {[%emt 00:00:53]} 17. c5 {[%clk 01:26:49]} {[%emt
00:01:48]} d5 {[%clk 01:02:43]} {[%emt 00:00:57]} 18. Nxe5 {[%clk 01:25:49]}
{[%emt 00:01:29]} Qc8 {[%clk 00:59:27]} {[%emt 00:03:47]} 19. Bxf6 {[%clk
01:24:58]} {[%emt 00:01:19]} Rxf6 {[%clk 00:53:06]} {[%emt 00:06:53]} 20. exd5
{[%clk 01:24:22]} {[%emt 00:01:06]} exd5 {[%clk 00:44:34]} {[%emt 00:09:01]}
21. Rxd5 {[%clk 01:23:59]} {[%emt 00:00:53]} Qe6 {[%clk 00:38:06]} {[%emt
00:06:57]} 22. Rd3 {[%clk 01:21:01]} {[%emt 00:03:29]} Re8 {[%clk 00:34:58]}
{[%emt 00:03:38]} 23. Ng4 {[%clk 01:20:21]} {[%emt 00:01:08]} Qxe3 {[%clk
00:32:45]} {[%emt 00:02:45]} 24. Nxf6+ {[%clk 01:18:04]} {[%emt 00:02:47]} gxf6
{[%clk 00:27:59]} {[%emt 00:05:16]} 25. Rxe3 {[%clk 01:18:17]} {[%emt
00:00:17]} Rd8 {[%clk 00:26:17]} {[%emt 00:02:13]} 26. Re7 {[%clk 01:17:36]}
{[%emt 00:01:09]} c6 {[%clk 00:22:25]} {[%emt 00:04:24]} 27. Rfe1 {[%clk
01:16:15]} {[%emt 00:01:49]} Kf8 {[%clk 00:21:00]} {[%emt 00:01:55]} 28. Ra7
{[%clk 01:15:42]} {[%emt 00:01:04]} Rc8 {[%clk 00:15:40]} {[%emt 00:05:50]} 29.
Rxa6 {[%clk 01:15:02]} {[%emt 00:01:11]} Nb7 {[%clk 00:14:32]} {[%emt
00:01:38]} 30. Re6 {[%clk 01:14:12]} {[%emt 00:01:19]} Nxc5 {[%clk 00:11:55]}
{[%emt 00:03:08]} 31. Rxf6+ {[%clk 01:13:29]} {[%emt 00:01:12]} Kg7 {[%clk
00:11:08]} {[%emt 00:01:18]} 32. Rfxc6 {[%clk 01:12:28]} {[%emt 00:01:31]} Rxc6
{[%clk 00:09:51]} {[%emt 00:01:47]} 33. Rxc6 {[%clk 01:12:46]} {[%emt
00:00:11]} Nd7 {[%emt 00:01:33]} 34. Rc7 {[%clk 01:13:07]} {[%emt 00:00:04]}
Kg6 {[%emt 00:02:28]} 35. Rxd7 {[%clk 01:13:24]} Kg5 {[%clk 00:05:44]} {[%emt
00:01:54]} 36. c4 {[%clk 01:12:57]} {[%emt 00:00:57]} bxc4 {[%clk 00:03:19]}
{[%emt 00:02:56]} 37. bxc4 {[%clk 01:13:15]} {[%emt 00:00:10]} Kf6 {[%clk
00:03:11]} {[%emt 00:00:40]} 38. c5 {[%clk 01:13:27]} {[%emt 00:00:19]} Ke6
{[%clk 00:02:53]} {[%emt 00:00:47]} 39. Rd1 {[%clk 01:13:40]} {[%emt 00:00:17]}
Kf5 {[%clk 00:00:39]} {[%emt 00:02:44]} 40. c6 {[%clk 01:14:03]} {[%emt
00:00:07]} 1-0

[Event "ODJM C 2024"]
[Site "Willingen GER"]
[Date "2024.05.20"]
[Round "3"]
[White "Trenkelbach, Silas"]
[Black "Winklmann, Alexander"]
[Result "1-0"]
[Termination "normal"]
[Board "22"]
[WhiteElo "1265"]
[BlackElo "1075"]
[WhiteClock "01:05:51"]
[BlackClock "00:54:31"]
[PlyCount "49"]
[WhiteFideId "34621237"]
[BlackFideId "533001979"]
[EventCountry "GER"]
[EventRounds "9"]
[EventType "swiss"]
[EventDate "2024.05.18"]

1. e4 {[%clk 01:30:58]} {[%emt 00:00:02]} e5 {[%clk 01:30:55]} {[%emt
00:00:06]} 2. Nf3 {[%clk 01:31:22]} {[%emt 00:00:05]} Nc6 {[%clk 01:31:20]}
{[%emt 00:00:06]} 3. Bc4 {[%clk 01:31:47]} {[%emt 00:00:04]} Bc5 {[%clk
01:31:40]} {[%emt 00:00:11]} 4. c3 {[%clk 01:32:12]} {[%emt 00:00:05]} Bb6
{[%clk 01:30:36]} {[%emt 00:01:33]} 5. d4 {[%clk 01:31:38]} {[%emt 00:01:03]}
Nf6 {[%clk 01:30:17]} {[%emt 00:00:50]} 6. Bg5 {[%clk 01:31:35]} {[%emt
00:00:33]} h6 {[%clk 01:28:56]} {[%emt 00:01:51]} 7. Bh4 {[%clk 01:28:20]}
{[%emt 00:03:45]} g5 {[%clk 01:28:46]} {[%emt 00:00:39]} 8. Bg3 {[%clk
01:28:46]} {[%emt 00:00:05]} exd4 {[%clk 01:26:52]} {[%emt 00:02:24]} 9. cxd4
{[%clk 01:29:11]} {[%emt 00:00:05]} Nxe4 {[%clk 01:23:37]} {[%emt 00:03:45]}
10. d5 {[%clk 01:27:49]} {[%emt 00:01:53]} Nxg3 {[%clk 01:19:59]} {[%emt
00:04:07]} 11. hxg3 {[%clk 01:28:11]} {[%emt 00:00:09]} Na5 {[%clk 01:19:38]}
{[%emt 00:00:51]} 12. Bd3 {[%clk 01:27:28]} {[%emt 00:01:13]} Qe7+ {[%clk
01:14:59]} {[%emt 00:05:06]} 13. Be2 {[%clk 01:27:45]} {[%emt 00:00:15]} Nc4
{[%clk 01:14:26]} {[%emt 00:01:02]} 14. Qc2 {[%clk 01:25:57]} {[%emt 00:02:19]}
Qb4+ {[%clk 01:10:55]} {[%emt 00:04:00]} 15. Nbd2 {[%clk 01:22:59]} {[%emt
00:03:29]} Qxb2 {[%clk 01:07:04]} {[%emt 00:04:20]} 16. Qxb2 {[%clk 01:23:27]}
{[%emt 00:00:03]} Nxb2 {[%clk 01:07:23]} {[%emt 00:00:12]} 17. a4 {[%clk
01:23:47]} {[%emt 00:00:10]} g4 {[%clk 01:06:54]} {[%emt 00:00:58]} 18. Nh4
{[%clk 01:22:30]} {[%emt 00:01:47]} Bd4 {[%clk 01:06:08]} {[%emt 00:01:16]} 19.
Ra2 {[%clk 01:20:59]} {[%emt 00:01:47]} c5 {[%clk 01:05:42]} {[%emt 00:01:11]}
20. Nf5 {[%clk 01:17:05]} {[%emt 00:04:24]} Bf6 {[%clk 01:03:57]} {[%emt
00:02:07]} 21. Ne4 {[%clk 01:10:32]} {[%emt 00:07:10]} Nd3+ {[%clk 00:59:10]}
{[%emt 00:05:17]} 22. Bxd3 {[%clk 01:08:00]} {[%emt 00:03:03]} Bd4 {[%clk
00:56:54]} {[%emt 00:02:46]} 23. Re2 {[%clk 01:06:54]} {[%emt 00:01:34]} Kf8
{[%clk 00:56:08]} {[%emt 00:01:16]} 24. Ned6 {[%clk 01:05:58]} {[%emt
00:01:27]} Bc3+ {[%clk 00:54:31]} {[%emt 00:02:07]} 25. Kd1 {[%clk 01:05:51]}
{[%emt 00:00:36]} 1-0

[Event "ODJM C 2024"]
[Site "Willingen GER"]
[Date "2024.05.20"]
[Round "3"]
[White "Moissl, Felix"]
[Black "Pawlus, Daniel"]
[Result "1-0"]
[Termination "normal"]
[Board "23"]
[WhiteElo "1600"]
[BlackElo "1060"]
[WhiteClock "00:34:59"]
[BlackClock "00:42:43"]
[PlyCount "60"]
[WhiteFideId "34623574"]
[BlackFideId "34672320"]
[EventCountry "GER"]
[EventRounds "9"]
[EventType "swiss"]
[EventDate "2024.05.18"]

1. e4 {[%clk 01:30:58]} {[%emt 00:00:01]} c5 {[%clk 01:30:48]} {[%emt
00:00:12]} 2. Nf3 {[%clk 01:31:24]} {[%emt 00:00:05]} g6 {[%clk 01:31:03]}
{[%emt 00:00:15]} 3. c4 {[%clk 01:31:49]} {[%emt 00:00:05]} Bg7 {[%clk
01:26:52]} {[%emt 00:04:40]} 4. d4 {[%clk 01:32:13]} {[%emt 00:00:06]} cxd4
{[%clk 01:25:49]} {[%emt 00:01:34]} 5. Nxd4 {[%clk 01:31:42]} {[%emt 00:01:00]}
Nc6 {[%clk 01:24:18]} {[%emt 00:02:00]} 6. Be3 {[%clk 01:31:26]} {[%emt
00:00:47]} Nf6 {[%clk 01:23:44]} {[%emt 00:01:03]} 7. Nc3 {[%clk 01:31:12]}
{[%emt 00:00:45]} O-O {[%clk 01:22:01]} {[%emt 00:02:14]} 8. Be2 {[%clk
01:30:44]} {[%emt 00:00:58]} Qc7 {[%clk 00:57:48]} {[%emt 00:24:43]} 9. O-O
{[%clk 01:23:47]} {[%emt 00:07:26]} b6 {[%clk 00:55:57]} {[%emt 00:02:21]} 10.
Qd2 {[%clk 01:14:39]} {[%emt 00:09:38]} Rd8 {[%clk 00:53:42]} {[%emt 00:02:45]}
11. Rfd1 {[%clk 01:09:49]} {[%emt 00:05:20]} Bb7 {[%clk 00:51:43]} {[%emt
00:02:30]} 12. f3 {[%clk 01:05:15]} {[%emt 00:05:03]} Rac8 {[%clk 00:50:36]}
{[%emt 00:01:37]} 13. Rac1 {[%clk 00:59:53]} {[%emt 00:05:52]} Nxd4 {[%clk
00:49:52]} {[%emt 00:01:14]} 14. Bxd4 {[%clk 00:59:19]} {[%emt 00:01:04]} Kf8
{[%clk 00:46:28]} {[%emt 00:03:54]} 15. Rc2 {[%clk 00:52:02]} {[%emt 00:07:47]}
e6 {[%clk 00:46:18]} {[%emt 00:00:40]} 16. Rdc1 {[%clk 00:49:18]} {[%emt
00:03:09]} Qb8 {[%clk 00:45:33]} {[%emt 00:01:21]} 17. Qe3 {[%clk 00:46:45]}
{[%emt 00:03:02]} Ng8 {[%clk 00:44:52]} {[%emt 00:01:12]} 18. Nb5 {[%clk
00:42:53]} {[%emt 00:04:22]} Bh6 {[%clk 00:44:16]} {[%emt 00:01:05]} 19. Qa3+
{[%clk 00:42:48]} {[%emt 00:00:36]} d6 {[%clk 00:43:59]} {[%emt 00:00:47]} 20.
Rd1 {[%clk 00:41:57]} {[%emt 00:01:16]} Bg7 {[%clk 00:41:43]} {[%emt 00:02:50]}
21. Bxg7+ {[%clk 00:40:45]} {[%emt 00:01:42]} Kxg7 {[%clk 00:42:02]} {[%emt
00:00:09]} 22. Rxd6 {[%clk 00:37:44]} {[%emt 00:03:33]} Rxd6 {[%clk 00:41:51]}
{[%emt 00:00:41]} 23. Qxd6 {[%clk 00:35:47]} {[%emt 00:02:28]} Qxd6 {[%clk
00:41:39]} {[%emt 00:00:40]} 24. Nxd6 {[%clk 00:36:07]} {[%emt 00:00:11]} Rd8
{[%clk 00:41:58]} {[%emt 00:00:12]} 25. Nxb7 {[%clk 00:35:34]} {[%emt
00:01:02]} Rd7 {[%clk 00:42:06]} {[%emt 00:00:22]} 26. Na5 {[%clk 00:35:34]}
{[%emt 00:00:31]} bxa5 {[%clk 00:42:27]} {[%emt 00:00:09]} 27. c5 {[%clk
00:35:10]} {[%emt 00:00:52]} Rc7 {[%clk 00:42:12]} {[%emt 00:00:47]} 28. a3
{[%clk 00:34:43]} {[%emt 00:00:57]} Nf6 {[%clk 00:42:26]} {[%emt 00:00:16]} 29.
b4 {[%clk 00:34:46]} {[%emt 00:00:27]} axb4 {[%clk 00:42:43]} {[%emt 00:00:12]}
30. axb4 {[%clk 00:34:59]} {[%emt 00:00:17]} Rb7 {[%emt 00:01:39]} 1-0